[Event "Vicente Lopez ProAm 100 Years op"]
[Site "Buenos Aires"]
[Date "2022.10.15"]
[Round "5"]
[White "Gonzalez Culi, Diego"]
[Black "Montiel Caceres, Helen"]
[Result "1-0"]
[WhiteElo "2111"]
[BlackElo "1695"]
[PlyCount "117"]
[EventDate "2022.10.11"]
[EventType "swiss"]
[EventRounds "9"]
[EventCountry "ARG"]
[SourceTitle "CBM 210 Extra"]
[Source "ChessBase"]
[SourceDate "2022.11.30"]
[SourceVersion "1"]
[SourceVersionDate "2022.11.30"]
[SourceQuality "1"]

1. d4 Nf6 2. Nf3 e6 3. c4 Bb4+ 4. Nbd2 Qe7 5. a3 Bxd2+ 6. Bxd2 d6 7. Bg5 Nbd7 8. e3 b6 9. Be2 Bb7 10. 0-0 0-0 11. Rc1 a5 12. b3 h6 13. Bh4 e5 14. Re1 g5 15. Bg3 Ne4 16. Nd2 Nxg3 17. hxg3 f5 18. g4 Qf6 19. d5 Nc5 20. b4 axb4 21. axb4 Ne4 22. Nxe4 fxe4 23. Rf1 Ra2 24. Rc2 Rfa8 25. Qb1 R2a3 26. Rd2 Qg6 27. Bf3 Ra1 28. Qxe4 Rxf1+ 29. Kxf1 Qxe4 30. Bxe4 Ra4 31. Rb2 Bc8 32. f3 Ra3 33. Kf2 Rc3 34. Rc2 Rxc2+ 35. Bxc2 Bd7 36. Ke1 Kg7 37. Kd2 Kf6 38. Kc3 Bc8 39. Bh7 Bd7 40. Bd3 Ba4 41. c5 bxc5 42. bxc5 Ke7 43. Kb4 Bd1 44. Kb5 dxc5 45. Kxc5 Ba4 46. Bb5 Bb3 47. Kc6 Kd8 48. d6 cxd6 49. Kxd6 Bc2 50. Kxe5 Ke7 51. Bc4 Bb1 52. e4 Bc2 53. Kf5 Ba4 54. Kg6 Be8+ 55. Kg7 h5 56. gxh5 Bxh5 57. Kh6 Be8 58. Kxg5 Bc6 59. g4 1-0

[Event "Olympiad Women-44"]
[Site "Chennai"]
[Date "2022.08.08"]
[Round "10.4"]
[White "Montiel Caceres, Helen"]
[Black "Khamdamova, Afruza"]
[Result "0-1"]
[WhiteElo "1763"]
[BlackElo "1969"]
[PlyCount "72"]
[EventDate "2022.07.29"]
[EventType "team-swiss"]
[EventRounds "11"]
[EventCountry "IND"]
[SourceTitle "CBM 210"]
[Source "ChessBase"]
[SourceDate "2022.10.31"]
[SourceVersion "1"]
[SourceVersionDate "2022.10.31"]
[SourceQuality "1"]
[WhiteTeam "Paraguay (W)"]
[BlackTeam "Uzbekistan (W)"]
[WhiteTeamCountry "PAR"]
[BlackTeamCountry "UZB"]

1. d4 Nf6 2. c4 e6 3. Nf3 d5 4. Nc3 Be7 5. cxd5 exd5 6. Bg5 0-0 7. Qc2 Nbd7 8. e3 Re8 9. Bd3 c6 10. 0-0 Nf8 11. Rab1 a5 12. a3 h6 13. Bh4 Ne4 14. Bxe7 Qxe7 15. Bxe4 dxe4 16. Ne5 f6 17. Nc4 Be6 18. Nb6 Ra6 19. Nca4 Qd8 20. b4 Rxb6 21. Nxb6 Qxb6 22. bxa5 Qxa5 23. Rxb7 Bd5 24. Qb2 Ra8 25. Ra1 Ne6 26. Rb4 Kh7 27. h4 f5 28. Qb1 Qd8 29. g3 Qf6 30. Rb7 f4 31. exf4 Nxd4 32. h5 c5 33. Rb6 Qf5 34. Qd1 Qh3 35. f3 Qxg3+ 36. Kf1 Bc4+ 0-1

[Event "Olympiad Women-44"]
[Site "Chennai"]
[Date "2022.08.06"]
[Round "8.3"]
[White "Castillo Beitia, Ashley Alexandra"]
[Black "Montiel Caceres, Helen"]
[Result "0-1"]
[WhiteElo "1587"]
[BlackElo "1763"]
[PlyCount "104"]
[EventDate "2022.07.29"]
[EventType "team-swiss"]
[EventRounds "11"]
[EventCountry "IND"]
[SourceTitle "CBM 210"]
[Source "ChessBase"]
[SourceDate "2022.10.31"]
[SourceVersion "1"]
[SourceVersionDate "2022.10.31"]
[SourceQuality "1"]
[WhiteTeam "Panama (W)"]
[BlackTeam "Paraguay (W)"]
[WhiteTeamCountry "PAN"]
[BlackTeamCountry "PAR"]

1. d4 Nf6 2. c4 e6 3. Nf3 d5 4. Nc3 Bb4 5. Qa4+ Nc6 6. Bg5 0-0 7. e3 Be7 8. Be2 Nb8 9. 0-0 Nbd7 10. Qc2 b6 11. Rac1 c5 12. Rfd1 cxd4 13. Nxd4 Bb7 14. cxd5 Nxd5 15. Bxe7 Qxe7 16. Bf3 Rac8 17. Qd2 N7f6 18. Nxd5 Nxd5 19. Qd3 Qb4 20. Nb3 Qa4 21. Rxc8 Rxc8 22. Rc1 Rxc1+ 23. Nxc1 g6 24. h3 Qa5 25. Qd1 Bc6 26. a3 Qb5 27. Qc2 Bb7 28. Nd3 a5 29. Kf1 e5 30. a4 Qa6 31. Be2 Qa8 32. Nxe5 Nb4 33. Qc7 Bxg2+ 34. Ke1 Qe8 35. Bb5 Qe6 36. Bc4 Bd5 37. Nd7 h5 38. Qd8+ Kg7 39. Bxd5 Nxd5 40. Qf8+ Kh7 41. Qd8 Kh6 42. h4 Kg7 43. Qf8+ Kh7 44. Qd8 Qf5 45. Nf8+ Kg7 46. Nd7 Nb4 47. Qf8+ Kh7 48. Qe7 Nd3+ 49. Kd2 Nxf2 50. Nf6+ Kg7 51. Ne8+ Kg8 52. Nf6+ Qxf6 0-1